Linguistic and Sociocultural Consequence of Being Bilingual: Canadian Experience (Запис № 282544)

МАРК-запис
000 -LEADER
fixed length control field 01104nam a22001577a 4500
041 ## - LANGUAGE CODE
Language code of text/sound track or separate title eng
080 ## - UNIVERSAL DECIMAL CLASSIFICATION NUMBER
Universal Decimal Classification number 09
090 ## - LOCALLY ASSIGNED LC-TYPE CALL NUMBER (OCLC); LOCAL CALL NUMBER (OCLC)
Local cutter number (OCLC) ; Book number/undivided call number, CALL (RLIN) КРИ
100 ## - MAIN ENTRY--PERSONAL NAME
Personal name Кривицький С.
245 ## - TITLE STATEMENT
Title Linguistic and Sociocultural Consequence of Being Bilingual: Canadian Experience
260 ## - PUBLICATION, DISTRIBUTION, ETC. (IMPRINT)
Place of publication, distribution, etc Острог
Name of publisher, distributor, etc КАФ
Date of publication, distribution, etc 2004
300 ## - PHYSICAL DESCRIPTION
Extent 103
520 ## - SUMMARY, ETC.
Summary, etc 1.Linguistic and psychological features of bilingualism.<br/>1.1.Bilingualism as a result of language collision.<br/>1.2.Evolution, origins and benefits of Canadian bilingualism.<br/>2.Linguistic peculiarities of second-language programs in Canada:<br/>2.1.Implementation of French immersion and its evalution by different social classes.<br/>2.2.French second-language programs: a better classroom road bilingualism.<br/>2.3.English-Ukrainian bilingual program: linguistic factors and educational treatment.<br/>3.Teacher education for multicultural society:<br/>3.1.Native teacher education in a community setting: the Mt.Currie program.<br/>3.2.Immersion teacher education: the making of a professional.
-- bilingualism,French,linguistic,multicultural
650 ## - SUBJECT ADDED ENTRY--TOPICAL TERM
Topical term or geographic name as entry element Research Papers
942 ## - ADDED ENTRY ELEMENTS (KOHA)
Koha item type Книги
Фонди
Withdrawn status Lost status Source of classification or shelving scheme Damaged status Not for loan Home library Current library Date acquired Source of acquisition Coded location qualifier Cost, normal purchase price Total Checkouts Full call number Barcode Date last seen Price effective from Koha item type
    Universal Decimal Classification     ВІЛ - Відділ іноземн. літератури НБ ВІЛ - Відділ іноземн. літератури НБ 08/08/2005 Акт B31 1.00   09 210106 20/12/2021 16/12/2004 Книги